000 00645cab a2200217 4500
001 WB3010-12
008 090401t1994 xxu||||| |||| 00| 0 eng d
035 _a(Sirsi) u80810
041 _aeng
245 _aHealth check
260 _c1994
350 _a0
490 _aProperty Week
_v46(10) 10 March 1994, 7(1)
520 _aA group of European building engineers, Top E, have come up with a simple system for measuring a building`s health.
650 _aHEALTH AND SAFETY
_96244
650 _aPROPERTY MAINTENANCE
650 _aSICK BUILDINGS
690 _aBUILT ENVIRONMENT-BUILDING STANDARDS
942 _n0
948 _c04/03/1997
999 _c50890
_d50890